Fábulas : (Registro nro. 6565)
[ vista simple ]
| 000 -LEADER | |
|---|---|
| fixed length control field | 01184nam a22002417a 4500 |
| 003 - CONTROL NUMBER IDENTIFIER | |
| control field | OSt |
| 005 - DATE AND TIME OF LATEST TRANSACTION | |
| control field | 20210112122152.0 |
| 008 - FIXED-LENGTH DATA ELEMENTS--GENERAL INFORMATION | |
| fixed length control field | 200220s1999 ck a|||br|||| 00| j spa d |
| 020 ## - INTERNATIONAL STANDARD BOOK NUMBER | |
| International Standard Book Number | 9583001694 |
| 040 ## - CATALOGING SOURCE | |
| Original cataloging agency | CO-JMCR |
| Transcribing agency | CO-JMCR |
| 082 04 - DEWEY DECIMAL CLASSIFICATION NUMBER | |
| Classification number | C / |
| Item number | ESOe |
| 100 1# - MAIN ENTRY--PERSONAL NAME | |
| Personal name | Esopo, |
| Relator term | autor |
| 9 (RLIN) | 795 |
| 245 10 - TITLE STATEMENT | |
| Title | Fábulas : |
| Remainder of title | Esopo, Iriarte y Samaniego / |
| Statement of responsibility, etc. | Esopo |
| 250 ## - EDITION STATEMENT | |
| Edition statement | Cuarta edición |
| 260 ## - PUBLICATION, DISTRIBUTION, ETC. | |
| Place of publication, distribution, etc. | Bogotá : |
| Name of publisher, distributor, etc. | Panamericana, |
| Date of publication, distribution, etc. | 1999 |
| 300 ## - PHYSICAL DESCRIPTION | |
| Extent | 258 páginas : |
| Other physical details | ilustraciones a blanco y negro ; |
| Dimensions | 20 cm. |
| 520 ## - SUMMARY, ETC. | |
| Summary, etc. | En Grecia sobresale la fábula en la figura de Esopo, cuya existencia a veces parece dudosa, pues alrededor de su vida se han tejido historias y anécdotas que se contradicen entre sí. Muchos temas tratados por el fabulista griego fueron retomadas por otros autores como los fabulistas españoles Iriarte y Samaniego (quienes siempre escribieron en verso). Iriarte usó la fábula para enseñar preceptos literarios; Samaniego por su parte, reescribió los temas en versos castellanos. |
| 650 14 - SUBJECT ADDED ENTRY--TOPICAL TERM | |
| Topical term or geographic name entry element | Fábulas Griegas |
| 9 (RLIN) | 796 |
| 650 14 - SUBJECT ADDED ENTRY--TOPICAL TERM | |
| Topical term or geographic name entry element | Animales |
| General subdivision | fábula |
| 9 (RLIN) | 797 |
| 650 14 - SUBJECT ADDED ENTRY--TOPICAL TERM | |
| Topical term or geographic name entry element | Virtudes |
| General subdivision | fábula |
| 9 (RLIN) | 798 |
| 650 14 - SUBJECT ADDED ENTRY--TOPICAL TERM | |
| Topical term or geographic name entry element | Estilos de vida |
| General subdivision | fábula |
| 9 (RLIN) | 799 |
| 942 ## - ADDED ENTRY ELEMENTS (KOHA) | |
| Source of classification or shelving scheme | Dewey Decimal Classification |
| Koha item type | Books |
| Withdrawn status | Lost status | Source of classification or shelving scheme | Damaged status | Not for loan | Collection code | Home library | Current library | Shelving location | Date acquired | Source of acquisition | Cost, normal purchase price | Total Checkouts | Total Renewals | Full call number | Barcode | Date last seen | Date last checked out | Copy number | Price effective from | Koha item type |
|---|---|---|---|---|---|---|---|---|---|---|---|---|---|---|---|---|---|---|---|---|
| Dewey Decimal Classification | Fiction | Biblioteca Pública José María del Castillo y Rada | Biblioteca Pública José María del Castillo y Rada | Processing Center | 06/05/2018 | Donación | 0.00 | 3 | 1 | C / ESOe | 201807080 | 10/19/2023 | 10/19/2023 | Ej.1 | 02/20/2020 | Books |